000 00345nam a2200145Ia 4500
008 240729s9999 xx 000 0 und d
022 _a1508-5791
245 0 _aNukleonika
260 _aPoland
260 _bSciendo
650 _aScience
856 _uhttps://doaj.org/toc/20260ff8bac34c5c9ea6b88df7fec743
942 _2ddc
942 _cDOAJEJ
999 _c67542
_d67542
945 _a1
_bMadushi Gamage
_c1
_dMadushi Gamage